Common Pets by picture - Statistics

General Stats
  • This quiz has been taken 83 times
  • The average score is 7 of 7
Answer Stats
Picture Answer % Correct
Cat
100%
Dog
100%
Fish
100%
Turtle
100%
Hamster
96%
Lizard
87%
Guinea Pig
86%
No matching quizzes found
Score Distribution
Percent of People with Each Score
Percentile by Number Answered
Your Score History
You have not taken this quiz